ទិដ្ឋភាពទូទៅនៃអក្សរសាស្រ្តខ្មែរ (Record no. 8412)

000 -LEADER
fixed length control field 00367nam a22001097a 4500
040 ## - CATALOGING SOURCE
Transcribing agency SK
082 ## - DEWEY DECIMAL CLASSIFICATION NUMBER
Classification number 895
100 ## - MAIN ENTRY--AUTHOR NAME
Personal name នុត ណារ៉ាង
245 ## - TITLE STATEMENT
Title ទិដ្ឋភាពទូទៅនៃអក្សរសាស្រ្តខ្មែរ
260 ## - PUBLICATION, DISTRIBUTION, ETC. (IMPRINT)
Place of publication រោងពុម្ភខ្មែរ(AIK)
Name of publisher នុត​ ណារ៉ាង
Year of publication 2003
942 ## - ADDED ENTRY ELEMENTS (KOHA)
Koha item type សៀវភៅភាសាខ្មែរ
952 ## - LOCATION AND ITEM INFORMATION (KOHA)
Withdrawn status [LOCAL, KOHA] 0
952 ## - LOCATION AND ITEM INFORMATION (KOHA)
Withdrawn status [LOCAL, KOHA] 0
952 ## - LOCATION AND ITEM INFORMATION (KOHA)
Withdrawn status [LOCAL, KOHA] 0
952 ## - LOCATION AND ITEM INFORMATION (KOHA)
Withdrawn status [LOCAL, KOHA] 0
952 ## - LOCATION AND ITEM INFORMATION (KOHA)
Withdrawn status [LOCAL, KOHA] 0
952 ## - LOCATION AND ITEM INFORMATION (KOHA)
Withdrawn status [LOCAL, KOHA] 0
952 ## - LOCATION AND ITEM INFORMATION (KOHA)
Withdrawn status [LOCAL, KOHA] 0
952 ## - LOCATION AND ITEM INFORMATION (KOHA)
Withdrawn status [LOCAL, KOHA] 0
952 ## - LOCATION AND ITEM INFORMATION (KOHA)
Withdrawn status [LOCAL, KOHA] 0
952 ## - LOCATION AND ITEM INFORMATION (KOHA)
Withdrawn status [LOCAL, KOHA] 0
Holdings
Permanent Location Date acquired Koha item type Lost status Shelving location Barcode Current Location Full call number
Library Block C2016-07-27សៀវភៅភាសាខ្មែរ C306RUA036352Library Block C895 នុត 2003 C306
Library Block C2016-07-27សៀវភៅភាសាខ្មែរ C306RUA034286Library Block C895 នុត 2003 C306
Library Block C2016-07-27សៀវភៅភាសាខ្មែរ C306RUA035961Library Block C895 នុត 2003 C306
Library Block C2016-07-27សៀវភៅភាសាខ្មែរ C306RUA035791Library Block C895 នុត 2003 C306
Library Block C2016-07-27សៀវភៅភាសាខ្មែរ C306RUA036409Library Block C895 នុត 2003 C306
Library Block C2016-07-27សៀវភៅភាសាខ្មែរ C306RUA035908Library Block C895 នុត 2003 C306
Library Block C2016-07-27សៀវភៅភាសាខ្មែរ C306RUA036530Library Block C895 នុត 2003 C306
Library Block C2016-07-27សៀវភៅភាសាខ្មែរ C306RUA036074Library Block C895 នុត 2003 C306
Library Block C2016-07-27សៀវភៅភាសាខ្មែរ C306RUA036199Library Block C895 នុត 2003 C306
Library Block C2016-07-27សៀវភៅភាសាខ្មែរ C306RUA045146Library Block C895 នុត 2003 C306
មជ្ឈមណ្ឌលឯការនៃសាកលវិទ្យាល័យភូមិន្ទកសិកម្មចំការដូង

Powered by Koha